000 00945nas a2200277 4500
001 BR8707220
003 BR-BrBNA
005 20231205090912.0
007 ta
008 230509b bl.|||p| |||| 00| 00por d
040 _aBR-BrBNA
_bpor
_cBiblioteca Nacional de Agricultura
041 _a(Pt)
072 _aL53
100 1 _aSilveira, W.F.
100 1 _aKavamoto, E.T.
100 1 _aNarahara, M.Y.
245 1 _aAvaliacao da qualidade e crio-preservacao em forma de pellets do semen do bagre, Rhamdia hilarii (Valenciennes, 1840)
246 1 _aSpermatozoa evaluation and cryopreservation in pellets form of bagre, Rhamdia hilarii (Valenciennes, 1840)semen
650 _aBAGRE
650 _aSEMEN
650 _aCONGELAMENTO
650 _aLABORATORIO
773 0 _tBoletim do Instituto de Pesca (Brazil)
_xISSN 0046-9939
_g(Dec 1985), v. 12(4) p. 7-11
_wBR8707220
909 _a202311
_bLúcia
_c55
_dLúcia Elande
942 _2AGRIS
_n0
_cANA
999 _c121541
_d121541